000 00353nam a2200133Ia 4500
008 240624s9999 xx 000 0 und d
041 _aeng
082 _a658.452 BIG
100 _aBIGWOOD SALLY
245 _aPRESENTING NUMBERS TABLES AND CHARTS
260 _c2004
_aNew Delhi
_bOxford University press
300 _a144 : p. : cm. ; 20
365 _cRS
_b30
999 _c7470
_d7470